00201nam a2200085Ia 450000100070000000500170000700800410002424500240006526000260008976652020250826165342.0250824s9999 xx 000 0 und d 0aABS˧ARcHASAN SARI bATLIKARINCA YAYINLARI